| 000 | 00756nam a2200265Ia 4500 | ||
|---|---|---|---|
| 003 | OSt | ||
| 005 | 20220918164901.0 | ||
| 006 | a|||||r|||| 00| 0 | ||
| 007 | ta | ||
| 008 | 220917b |||||||| |||| 00| 0 eng d | ||
| 020 | _a0805238638 (hbk) | ||
| 024 | _a240,722 | ||
| 037 | _cTextual | ||
| 040 |
_aARTS _cARTS _beng |
||
| 041 |
_2eng _aeng |
||
| 082 | _aO113,3M83x, 111M3 | ||
| 100 |
_aKafka Franz _920210 |
||
| 245 | 0 | _aFranz Kafka the complete stories | |
| 260 |
_aNew York _bSchocken Books U.S.A _c1983 |
||
| 300 |
_axxi, 486p. _ccm. |
||
| 650 | _aENGLISH LITERATURE | ||
| 700 |
_a Glatzer Nahum N. Ed. _921474 |
||
| 942 |
_hO113,3M83x, 111M3 _cTEXL _2CC |
||
| 999 |
_c127215 _d127215 |
||